Binary Numbers Quiz - Statistics

General Stats
  • This quiz has been taken 81 times
  • The average score is 14 of 20
Answer Stats
Base 10 Number Answer % Correct
14 1110
91%
39 100111
89%
3 11
85%
48 110000
82%
59 111011
80%
8 1000
78%
36 100100
78%
23 10111
76%
34 100010
73%
61 111101
73%
70 1000110
71%
82 1010010
71%
21 10101
69%
43 101011
69%
89 1011001
67%
18 10010
60%
72 1001000
58%
66 1000010
56%
167 10100111
49%
109 1101101
49%
No matching quizzes found
Score Distribution
Percent of People with Each Score
Percentile by Number Answered
Your Score History
You have not taken this quiz